Enciclopedia de la religión católica
Gardado en:
| Formato: | Libro |
|---|---|
| Idioma: | Lingua castelá |
| Publicado: |
Barcelona
Dalmau y Jover
1950
|
| Subjects: | |
| Tags: |
Engadir etiqueta
Sen Etiquetas, Sexa o primeiro en etiquetar este rexistro!
|
MARC
| LEADER | 00000nam a2200000 a 4500 | ||
|---|---|---|---|
| 001 | UCL4206 | ||
| 003 | CL-VaPUC | ||
| 008 | 040109e19500000SP |||||||||||||||||spa|d | ||
| 082 | 0 | 4 | |a 282.03 |b ENC |2 21 |
| 245 | 1 | 0 | |a Enciclopedia de la religión católica |
| 300 | |a v | ||
| 942 | |c BK | ||
| 945 | |d 20040109 00:00:00 |a vberengu | ||
| 260 | |a Barcelona |b Dalmau y Jover |c 1950 | ||
| 500 | |a v.1: A-Birmingham | ||
| 500 | |a v.2: Birnau-Demol | ||
| 500 | |a v.3: Demonio-Hamilton (Juan) | ||
| 500 | |a v.4: Hammeke-Malta | ||
| 500 | |a v.5: Malthus-Pío VIII | ||
| 500 | |a v.6: Pío IX-Tabbora | ||
| 500 | |a v.7: Tabernáculo-Zytomir, Apéndice, Indices | ||
| 650 | 0 | |a Enciclopedias |9 264135 | |
| 583 | |a last modification |c 20040109 00:00:00 |k Rodrigo Vera | ||
| 999 | |c 307088 |d 307086 | ||
| 952 | |0 0 |1 0 |4 0 |6 282_030000000000000_ENC_1950 |7 0 |8 F |9 372573 |a BIBTEO |b BIBTEO |d 2019-11-21 |h v.1 |i 2098717 |o 282.03 ENC 1950 |p 2098717 |r 2025-01-17 |w 2019-11-21 |y BK_F |k ICR | ||
| 952 | |0 0 |1 0 |4 0 |6 282_030000000000000_ENC_1950 |7 0 |8 F |9 372574 |a BIBTEO |b BIBTEO |d 2019-11-21 |h v.2 |i 2098733 |o 282.03 ENC 1950 |p 2098733 |r 2025-01-17 |w 2019-11-21 |y BK_F |k ICR | ||
| 952 | |0 0 |1 0 |4 0 |6 282_030000000000000_ENC_1950 |7 0 |8 F |9 372575 |a BIBTEO |b BIBTEO |d 2019-11-21 |h v.3 |i 2098741 |o 282.03 ENC 1950 |p 2098741 |r 2025-01-17 |w 2019-11-21 |y BK_F |k ICR | ||
| 952 | |0 0 |1 0 |4 0 |6 282_030000000000000_ENC_1950 |7 0 |8 F |9 372576 |a BIBTEO |b BIBTEO |d 2019-11-21 |h v.4 |i 2098725 |o 282.03 ENC 1950 |p 2098725 |r 2025-01-17 |w 2019-11-21 |y BK_F |k ICR | ||
| 952 | |0 0 |1 0 |4 0 |6 282_030000000000000_ENC_1950 |7 0 |8 F |9 372577 |a BIBTEO |b BIBTEO |d 2019-11-21 |h v.5 |i 209875K |o 282.03 ENC 1950 |p 209875K |r 2025-01-17 |w 2019-11-21 |y BK_F |k ICR | ||
| 952 | |0 0 |1 0 |4 0 |6 282_030000000000000_ENC_1950 |7 0 |8 F |9 372578 |a BIBTEO |b BIBTEO |d 2019-11-21 |h v.6 |i 2098784 |o 282.03 ENC 1950 |p 2098784 |r 2025-01-17 |w 2019-11-21 |y BK_F |k ICR | ||
| 952 | |0 0 |1 0 |4 0 |6 282_030000000000000_ENC_1950 |7 0 |8 F |9 372579 |a BIBTEO |b BIBTEO |d 2019-11-21 |h v.7 |i 2098792 |o 282.03 ENC 1950 |p 2098792 |r 2025-01-17 |w 2019-11-21 |y BK_F |k ICR | ||